000 02802nam a22011417a 4500
003 PE-LiUPU
005 20250813185701.0
008 231002b |||||||| |||| 00| 0 spa d
020 _a9786123119942
040 _aPE-LiUPU
_bspa
_cPE-LiUPU
_erda
082 _223
_a351
_bC346g
100 _aCastañeda Gonzales, Vlado.
_92988
_d1975-
245 _aGestión pública moderna :
_bmanual para mejorar la labor de la administración pública y hacer mejores entidades /
_cVlado Castañeda Gonzales.
250 _aprimera edición
264 _aLima :
_bGaseta jurídica,
_c2022.
300 _a314 páginas :
_bIlustraciones y diagramas,
_c25 centímetros.
504 _aIncluye bibliografía.
505 _aLa gestión pública -- La gestión descentralizada -- Retos y oportunidades de mejora de la gestión pública.
526 _aP202
526 _aP201
526 _aP163
526 _aP162
526 _aP161
526 _aP160
526 _aP148
526 _aP147
526 _aP146
526 _aP145
526 _aP144
526 _aP143
526 _aP142
526 _aP141
526 _aP140
526 _aP139
526 _aP138
526 _aP137
526 _aP136
526 _aP135
526 _aP134
526 _aP133
526 _aP129
526 _aP128
526 _aP127
526 _aP120
526 _aP119
526 _aP118
526 _aP116
526 _aP115
526 _aP114
526 _aP110
526 _aP109
526 _aP108
526 _aP104
526 _aP103
526 _aP102
526 _aP99
526 _aP98
526 _aP97
526 _aP96
526 _aP95
526 _aP93
526 _aP90
526 _aP89
526 _aP88
526 _aP83
526 _aP82
526 _aP62
526 _aP59
526 _aP58
526 _aP57
526 _aP51
526 _aP49
526 _aP48
526 _aP47
526 _aP29
526 _aP24
526 _aP20
526 _aP19
526 _aP17
526 _aP15
526 _aP14
526 _aP12
526 _aP10
526 _aP09
526 _aP08
526 _aP07
526 _aP06
526 _aP05
526 _aP04
526 _aP01
556 _aE001-107 10444184961
_z9786123119942
650 0 _aAdministración pública
_xManuales
_zPerú.
_92989
650 0 _aAdministración pública
_zPerú.
_92990
650 0 _aFunción pública
_zPerú.
_92991
942 _2ddc
_cBK
_n0
980 _621515
_aDIGNA BRAÑES Analista Documental
_81
_gALBERTO SANCHEZ Responsable de Automatización
999 _c62075
_d62075